Statistics for Countries beginning with I

Click here to take the quiz!

General Stats

  • This quiz has been taken 41 times
  • The average score is 7 of 8

Answer Stats

HintAnswer% Correct
AsiaIndia
97%
EuropeIceland
92%
AsiaIndonesia
92%
AsiaIran
89%
AsiaIraq
89%
EuropeItaly
89%
EuropeIreland
87%
AsiaIsrael
79%

Score Distribution

Percentile by Number Answered

Percent of People with Each Score

Your Score History

You have not taken this quiz